Giáo dục Việt Nam 1945 - 2005 Tập 2
Giới thiệu tổng quát về lịch sử hình thành, phát triển và những thành tựu của nền giáo dục Việt Nam qua các thời kỳ; đồng thời ghi lại những nét đặc thù của sự nghiệp giáo dục - đào tạo của 26 tỉnh, thành phố trong giai đoạn 1945 -2005...
Gardado en:
| Autor Corporativo: | |
|---|---|
| Outros autores: | , , |
| Formato: | Libro |
| Idioma: | Vietnamese |
| Publicado: |
H.
Chính Trị Quốc Gia
2005
|
| Series: | Trung tâm Thông tin và tư vấn phát triển
|
| Những chủ đề: | |
| Các nhãn: |
Engadir etiqueta
Sen Etiquetas, Sexa o primeiro en etiquetar este rexistro!
|
| Thư viện lưu trữ: | Mạng thư viện Đại học Đà Nẵng |
|---|
| LEADER | 01795nam a2200397 4500 | ||
|---|---|---|---|
| 001 | 000006477 | ||
| 003 | 2633 | ||
| 005 | 20110912150907.0 | ||
| 008 | 110912s2005 viesd | ||
| 020 | |c 200000đ | ||
| 041 | 0 | |a vie | |
| 082 | |a 370.9597 |b HÔI | ||
| 110 | |a Hội Khoa học kinh tế Việt Nam | ||
| 245 | 1 | 0 | |a Giáo dục Việt Nam 1945 - 2005 |c Hội Khoa học kinh tế Việt Nam ; Nguyễn Quang Kính (ch.biên) ; b.soạn Phùng Thu Thủy...; tác giả Nguyễn Quốc Chí... |n Tập 2 |
| 260 | |a H. |b Chính Trị Quốc Gia |c 2005 | ||
| 300 | |a 1306 tr |b hình, bảng |c 28 cm | ||
| 490 | |a Trung tâm Thông tin và tư vấn phát triển | ||
| 520 | |a Giới thiệu tổng quát về lịch sử hình thành, phát triển và những thành tựu của nền giáo dục Việt Nam qua các thời kỳ; đồng thời ghi lại những nét đặc thù của sự nghiệp giáo dục - đào tạo của 26 tỉnh, thành phố trong giai đoạn 1945 -2005 | ||
| 653 | |a Giáo dục | ||
| 653 | |a Đào tạo | ||
| 653 | |a Việt Nam | ||
| 700 | |a Nguyễn Quang Kính |e ch.biên | ||
| 700 | |a Phùng Thu Thủy... |e b.soạn | ||
| 700 | |a Nguyễn Quốc Chí... |e Tác giả | ||
| 773 | |t Giáo dục Việt Nam 1945 - 2005 |w 2631 | ||
| 910 | |a Nguyễn Thị Kim Oanh |d 12/09/2011 | ||
| OWN | |a LSP | ||
| AVA | |a UDN50 |b LSP |d 370.9597 HÔI |e available |t Error 5001 Not defined in file expand_doc_bib_avail. |f 1 |g 0 |h N |i 0 |k 1 | ||
| 999 | |a From the UDN01 | ||
| AVA | |a UDN50 |b LSP |d 370.9597 HÔI |e available |t Error 5001 Not defined in file expand_doc_bib_avail. |f 1 |g 0 |h N |i 0 |k 1 | ||
| TYP | |a Monograph | ||
| TYP | |a Printed language | ||
| 980 | |a Mạng thư viện Đại học Đà Nẵng | ||